000 00275nam a2200097Ia 4500
005 20251222114413.0
008 251222s1900||||xx |||||||||||||| ||spa||
082 _aDVD0192/M12/2003
245 0 _aTeoría y práctica de la literatura de las mujeres latinoamericanas :
942 _cDVD
999 _c2108
_d2108